000 00726nam a2200217Ia 4500
001 18415
003 GE_BSU
008 181216s||||||||xx |||||||||||||| ||und||
040 _cGE_BSU
080 _a821.353.1-1
100 _aტუღუში,ზოია
245 _aუსასრულო მოლოდინის სიოფონია
245 _bლექსები
245 _cრედ: ნონა გიგინეიშვილი
260 _aლანჩხუთი
260 _bშპს "ჰო და არას" სტ
260 _c2013
300 _a134გვ;20სმ.
653 _aუსასრულო მოლოდინის სიოფონია
942 _cBK
999 _c51429
_d51429